CCOO convoca su 13 congreso (Record no. 59585)

MARC details
000 -LEADER
campo de control de longitud fija 01088nam a2200277Ia 4500
008 - DATOS DE LONGITUD FIJA--INFORMACIÓN GENERAL
campo de control de longitud fija 240531s2024 sp 000 0 spa d
041 ## - CÓDIGO DE IDIOMA
Código de lengua del texto/banda sonora o título independiente spa
110 2# - ENTRADA PRINCIPAL--NOMBRE DE ENTIDAD CORPORATIVA
Nombre de entidad corporativa o nombre de jurisdicción como elemento de entrada CCOO
Unidad subordinada Confederación Sindical
9 (RLIN) 27927
245 10 - MENCIÓN DEL TÍTULO
Título CCOO convoca su 13 congreso
Resto del título : con el reto de abordar nuevas realidades productivas
Mención de responsabilidad, etc. / Confederación Sindical de CCOO
260 ## - PUBLICACIÓN, DISTRIBUCIÓN, ETC.
Lugar de publicación, distribución, etc. [Madrid] :
Nombre del editor, distribuidor, etc. CCOO, Confederación Sindical,
Fecha de publicación, distribución, etc. 2024
300 ## - DESCRIPCIÓN FÍSICA
Extensión 7 p. ;
Dimensiones 30 cm
500 ## - NOTA GENERAL
Nota general En: Gaceta Sindical, n. 520 (mayo 2024), p. [1-7]
650 #0 - PUNTO DE ACCESO ADICIONAL DE MATERIA--TÉRMINO DE MATERIA
Término de materia o nombre geográfico como elemento de entrada SINDICATO
9 (RLIN) 208
650 #0 - PUNTO DE ACCESO ADICIONAL DE MATERIA--TÉRMINO DE MATERIA
Término de materia o nombre geográfico como elemento de entrada SINDICALISMO
9 (RLIN) 189
650 #0 - PUNTO DE ACCESO ADICIONAL DE MATERIA--TÉRMINO DE MATERIA
Término de materia o nombre geográfico como elemento de entrada REPRESENTACION DE LOS TRABAJADORES
9 (RLIN) 374
650 #0 - PUNTO DE ACCESO ADICIONAL DE MATERIA--TÉRMINO DE MATERIA
Término de materia o nombre geográfico como elemento de entrada CONFERENCIA
9 (RLIN) 311
650 #0 - PUNTO DE ACCESO ADICIONAL DE MATERIA--TÉRMINO DE MATERIA
Término de materia o nombre geográfico como elemento de entrada REPRESENTANTE DE LOS TRABAJADORES
9 (RLIN) 2
650 #0 - PUNTO DE ACCESO ADICIONAL DE MATERIA--TÉRMINO DE MATERIA
Término de materia o nombre geográfico como elemento de entrada CCOO
9 (RLIN) 60
650 #0 - PUNTO DE ACCESO ADICIONAL DE MATERIA--TÉRMINO DE MATERIA
Término de materia o nombre geográfico como elemento de entrada DERECHOS DE LOS TRABAJADORES
9 (RLIN) 4
650 #0 - PUNTO DE ACCESO ADICIONAL DE MATERIA--TÉRMINO DE MATERIA
Término de materia o nombre geográfico como elemento de entrada ACTITUD SINDICAL
9 (RLIN) 61
710 2# - ENTRADA AGREGADA--NOMBRE DE ENTIDAD CORPORATIVA
Nombre de entidad corporativa o nombre de jurisdicción como elemento de entrada CCOO
Unidad subordinada Confederación Sindical
-- Congreso
Número del congreso/reunión o número de parte o sección 13º
Fecha del congreso o de la firma del tratado 2025
Sede del congreso/Lugar de la reunión Madrid
9 (RLIN) 38954
710 2# - ENTRADA AGREGADA--NOMBRE DE ENTIDAD CORPORATIVA
Nombre de entidad corporativa o nombre de jurisdicción como elemento de entrada CCOO
Unidad subordinada Confederación Sindical
9 (RLIN) 27927
856 ## - LOCALIZACIÓN Y ACCESO ELECTRÓNICOS
Nota pública PDF
Identificador Uniforme de Recursos <a href="https://docpublicos.ccoo.es/cendoc/068130CCOOConoca13Congreso.pdf">https://docpublicos.ccoo.es/cendoc/068130CCOOConoca13Congreso.pdf</a>
907 ## - ELEMENTOS DE DATOS G LOCAL, LDG (RLIN)
a Nuestra Organización
942 ## - ELEMENTOS DE ENTRADA SECUNDARIOS (KOHA)
Tipo de ítem Koha Documento Electrónico
Fuente del sistema de clasificación o colocación Clasificación Decimal Dewey
Holdings
Estatus retirado Estado de pérdida Fuente del sistema de clasificación o colocación Estado de daño No para préstamo Biblioteca de origen Biblioteca actual Fecha de adquisición Número de inventario Total de préstamos Código de barras Visto por última vez Copia número Precio de reemplazo Tipo de ítem Koha
    Clasificación Decimal Dewey     CENDO CENDO 31/05/2024 068130   2024-0905 31/05/2024 PS143 31/05/2024 Documento Electrónico